000 01357nam a22004337a 4500
001 BR2012002041
003 BR-BrBNA
005 20230928103922.0
007 ta
008 230509b bl.||||| |||| 00| 0 por d
040 _aBR-BrBNA
_bpor
_cBiblioteca Nacional de Agricultura
041 _a(Por)
072 _aL01
_b5212
090 _ 5212 BR2012002041
110 1 _aSecretaria Municipal de Agricultura, São Miguel das Missões, RS (Brasil)
_99161
110 1 _aPrefeitura Municipal São Miguel das Missões, RS (Brasil)
111 1 _a3. Seminário de Pecuária Leiteira das Missões
_cSão Miguel das Missões, RS (Brazil)
_d27-28 Nov 2003
245 1 _a3. Seminário de pecuária leiteira das missões
260 3 _aSão Miguel das Missões, RS (Brasil):
_c2003.
300 _a32 p.
500 _aIncludes several bibliographies; 4 illus.; 6 tables
650 _aRIO GRANDE DO SUL
650 _aGADO LEITEIRO
650 _aCICLO ESTRAL
650 _aAFTOSA
650 _aLEPTOSPIROSE
650 _aPROFILAXIA
650 _aCONTROLE INTEGRADO
650 _aDOENÇA ANIMAL
650 _aBOVINO
650 _aHIGIENE VETERINÁRIA
650 _aCURRAL
650 _aORDENHA
650 _aPASTAGEM
650 _aPRODUÇÃO LEITEIRA
650 _aNUTRIÇÃO ANIMAL
909 _a202309
_bLucia
_c55
_dLucia Elande
942 _cBK
999 _c77239
_d77239